000 00251nam a2200097Ia 4500
008 120527s9999 xx 000 0 und d
100 _aOGUNNIYI, N. Tunde
245 _aThe learning Era in modern Architecture in Nigeria
260 _bFUNKY
942 _cBK
999 _c25361
_d25361